[Event "Deutsche Ländermeisterschaft 2025"]
[Site "Oer-Erkenschwick GER"]
[Date "2025.10.01"]
[Round "1"]
[White "Sydykov, Bayastan"]
[Black "Sauer, Tim"]
[Result "1/2-1/2"]
[Termination "normal"]
[Board "4.1"]
[WhiteTitle "FM"]
[BlackTitle "CM"]
[WhiteElo "2357"]
[BlackElo "2234"]
[WhiteClock "00:02:09"]
[BlackClock "00:02:48"]
[WhiteTeam "Baden"]
[BlackTeam "Niedersachsen"]
[PlyCount "152"]
[WhiteFideId "13829610"]
[BlackFideId "16265726"]
[EventCountry "GER"]
[EventRounds "7"]
[EventType "team-swiss"]
[EventDate "2025.09.30"]

1. e4 {[%clk 01:30:54]} {[%emt 00:00:05]} c5 {[%clk 01:30:53]} {[%emt
00:00:07]} 2. Nf3 {[%clk 01:31:16]} {[%emt 00:00:08]} g6 {[%clk 01:31:18]}
{[%emt 00:00:05]} 3. d4 {[%clk 01:30:52]} {[%emt 00:00:55]} cxd4 {[%clk
01:31:39]} {[%emt 00:00:09]} 4. Nxd4 {[%clk 01:31:16]} {[%emt 00:00:06]} Nc6
{[%clk 01:32:00]} {[%emt 00:00:09]} 5. c4 {[%clk 01:31:41]} {[%emt 00:00:05]}
Nf6 {[%clk 01:32:24]} {[%emt 00:00:05]} 6. Nc3 {[%clk 01:32:06]} {[%emt
00:00:05]} d6 {[%clk 01:32:25]} {[%emt 00:00:29]} 7. Be2 {[%clk 01:32:30]}
{[%emt 00:00:06]} Nxd4 {[%clk 01:32:50]} {[%emt 00:00:05]} 8. Qxd4 {[%clk
01:32:55]} {[%emt 00:00:05]} Bg7 {[%clk 01:33:13]} {[%emt 00:00:07]} 9. Be3
{[%clk 01:33:19]} {[%emt 00:00:07]} O-O {[%clk 01:33:37]} {[%emt 00:00:06]} 10.
Qd3 {[%clk 01:33:40]} {[%emt 00:00:09]} a5 {[%clk 01:34:00]} {[%emt 00:00:06]}
11. O-O {[%clk 01:32:47]} {[%emt 00:01:25]} a4 {[%clk 01:33:07]} {[%emt
00:01:22]} 12. Kh1 {[%clk 01:26:20]} {[%emt 00:06:58]} Qa5 {[%clk 01:26:40]}
{[%emt 00:06:56]} 13. Bd4 {[%clk 01:17:39]} {[%emt 00:09:12]} Bd7 {[%clk
01:08:42]} {[%emt 00:18:27]} 14. f4 {[%clk 01:02:44]} {[%emt 00:15:25]} Bc6
{[%clk 00:47:58]} {[%emt 00:21:14]} 15. Rf3 {[%clk 00:53:30]} {[%emt 00:09:45]}
e5 {[%clk 00:37:30]} {[%emt 00:10:58]} 16. Be3 {[%clk 00:38:30]} {[%emt
00:15:29]} exf4 {[%clk 00:06:17]} {[%emt 00:31:43]} 17. Bxf4 {[%clk 00:35:15]}
{[%emt 00:03:46]} Rfe8 {[%clk 00:05:33]} {[%emt 00:01:14]} 18. Re3 {[%clk
00:34:40]} {[%emt 00:01:05]} a3 {[%clk 00:04:42]} {[%emt 00:01:21]} 19. b4
{[%clk 00:27:34]} {[%emt 00:07:37]} Qxb4 {[%clk 00:05:05]} {[%emt 00:00:06]}
20. Bxd6 {[%clk 00:28:00]} {[%emt 00:00:04]} Qa5 {[%clk 00:05:27]} {[%emt
00:00:07]} 21. Rf1 {[%clk 00:24:51]} {[%emt 00:03:40]} Nd7 {[%clk 00:01:48]}
{[%emt 00:04:09]} 22. Nd5 {[%clk 00:23:11]} {[%emt 00:02:10]} Bxd5 {[%clk
00:00:37]} {[%emt 00:01:40]} 23. cxd5 {[%clk 00:19:14]} {[%emt 00:04:28]} Be5
{[%clk 00:00:34]} {[%emt 00:00:33]} 24. Bxa3 {[%clk 00:18:56]} {[%emt
00:00:48]} Rec8 {[%clk 00:00:34]} {[%emt 00:00:30]} 25. Qb1 {[%clk 00:14:58]}
{[%emt 00:04:28]} Qd2 {[%clk 00:00:32]} {[%emt 00:00:32]} 26. Bc1 {[%clk
00:10:38]} {[%emt 00:04:50]} Rxc1 {[%clk 00:00:45]} {[%emt 00:00:18]} 27. Qxc1
{[%clk 00:11:01]} {[%emt 00:00:06]} Qxc1 {[%clk 00:01:11]} {[%emt 00:00:04]}
28. Rxc1 {[%clk 00:11:26]} {[%emt 00:00:05]} Bf4 {[%clk 00:01:39]} {[%emt
00:00:03]} 29. Rec3 {[%clk 00:09:11]} {[%emt 00:02:46]} Bxc1 {[%clk 00:01:56]}
{[%emt 00:00:12]} 30. Rxc1 {[%clk 00:09:40]} {[%emt 00:00:01]} Rxa2 {[%clk
00:02:14]} {[%emt 00:00:13]} 31. Bf1 {[%clk 00:06:10]} {[%emt 00:04:00]} Ne5
{[%clk 00:00:35]} {[%emt 00:02:08]} 32. Kg1 {[%clk 00:04:06]} {[%emt 00:02:34]}
Ra4 {[%clk 00:00:33]} {[%emt 00:00:33]} 33. Re1 {[%clk 00:04:05]} {[%emt
00:00:31]} Kf8 {[%clk 00:00:47]} {[%emt 00:00:16]} 34. Kf2 {[%clk 00:03:41]}
{[%emt 00:00:54]} Ke7 {[%clk 00:00:34]} {[%emt 00:00:42]} 35. h3 {[%clk
00:01:16]} {[%emt 00:02:56]} Kd6 {[%clk 00:00:40]} {[%emt 00:00:24]} 36. Ke3
{[%clk 00:01:18]} {[%emt 00:00:27]} Nd7 {[%clk 00:00:34]} {[%emt 00:00:36]} 37.
Bb5 {[%clk 00:01:06]} {[%emt 00:00:43]} Ra3+ {[%clk 00:00:59]} {[%emt
00:00:04]} 38. Kd4 {[%clk 00:01:18]} {[%emt 00:00:19]} Ra2 {[%clk 00:00:32]}
{[%emt 00:00:56]} 39. Bxd7 {[%clk 00:01:01]} {[%emt 00:00:47]} Kxd7 {[%clk
00:00:56]} {[%emt 00:00:06]} 40. Rb1 {[%clk 00:00:40]} {[%emt 00:00:52]} Kc8
{[%clk 00:00:32]} {[%emt 00:00:54]} 41. g4 {[%clk 00:00:36]} {[%emt 00:00:34]}
f6 {[%clk 00:28:55]} {[%emt 00:02:07]} 42. g5 {[%clk 00:08:03]} {[%emt
00:23:04]} Ra4+ {[%clk 00:21:08]} {[%emt 00:08:16]} 43. Kc5 {[%clk 00:08:00]}
{[%emt 00:00:33]} Rxe4 {[%clk 00:20:29]} {[%emt 00:01:08]} 44. gxf6 {[%clk
00:08:26]} {[%emt 00:00:05]} Rf4 {[%clk 00:18:17]} {[%emt 00:02:42]} 45. Kd6
{[%clk 00:03:33]} {[%emt 00:05:23]} Rxf6+ {[%clk 00:17:32]} {[%emt 00:01:14]}
46. Ke7 {[%clk 00:04:02]} {[%emt 00:00:01]} Rf3 {[%clk 00:02:16]} {[%emt
00:15:46]} 47. Rc1+ {[%clk 00:04:25]} {[%emt 00:00:07]} Kb8 {[%clk 00:02:40]}
{[%emt 00:00:06]} 48. d6 {[%clk 00:01:45]} {[%emt 00:03:11]} Re3+ {[%clk
00:01:01]} {[%emt 00:02:09]} 49. Kd8 {[%clk 00:02:13]} {[%emt 00:00:02]} b6
{[%clk 00:00:33]} {[%emt 00:00:57]} 50. d7 {[%clk 00:00:50]} {[%emt 00:01:54]}
Kb7 {[%clk 00:00:35]} {[%emt 00:00:28]} 51. Rc7+ {[%clk 00:00:47]} {[%emt
00:00:33]} Kb8 {[%clk 00:01:00]} {[%emt 00:00:04]} 52. h4 {[%clk 00:00:40]}
{[%emt 00:00:38]} Re4 {[%clk 00:00:34]} {[%emt 00:00:56]} 53. Rc6 {[%clk
00:00:33]} {[%emt 00:00:38]} Kb7 {[%clk 00:00:39]} {[%emt 00:00:24]} 54. Rc7+
{[%clk 00:00:37]} {[%emt 00:00:26]} Kb8 {[%clk 00:01:04]} {[%emt 00:00:06]} 55.
h5 {[%clk 00:00:34]} {[%emt 00:00:34]} gxh5 {[%clk 00:00:52]} {[%emt 00:00:41]}
56. Rc6 {[%clk 00:00:57]} {[%emt 00:00:07]} Kb7 {[%clk 00:01:17]} {[%emt
00:00:05]} 57. Rh6 {[%clk 00:01:23]} {[%emt 00:00:04]} h4 {[%clk 00:00:34]}
{[%emt 00:01:14]} 58. Rxh7 {[%clk 00:01:49]} {[%emt 00:00:03]} h3 {[%clk
00:00:33]} {[%emt 00:00:31]} 59. Rxh3 {[%clk 00:01:50]} {[%emt 00:00:29]} b5
{[%clk 00:00:41]} {[%emt 00:00:21]} 60. Rh7 {[%clk 00:00:39]} {[%emt 00:01:42]}
b4 {[%clk 00:00:33]} {[%emt 00:00:38]} 61. Re7 {[%clk 00:00:40]} {[%emt
00:00:29]} Rh4 {[%clk 00:00:43]} {[%emt 00:00:20]} 62. Re5 {[%clk 00:00:32]}
{[%emt 00:00:38]} Rd4 {[%clk 00:00:32]} {[%emt 00:00:41]} 63. Rc5 {[%clk
00:00:35]} {[%emt 00:00:27]} Re4 {[%clk 00:00:34]} {[%emt 00:00:28]} 64. Rc7+
{[%clk 00:00:36]} {[%emt 00:00:29]} Kb8 {[%clk 00:00:32]} {[%emt 00:00:32]} 65.
Rc6 {[%clk 00:00:42]} {[%emt 00:00:24]} Kb7 {[%clk 00:00:56]} {[%emt 00:00:05]}
66. Rc5 {[%clk 00:01:10]} {[%emt 00:00:03]} Kb6 {[%clk 00:00:32]} {[%emt
00:00:54]} 67. Rc7 {[%clk 00:01:10]} {[%emt 00:00:29]} Rd4 {[%clk 00:00:35]}
{[%emt 00:00:27]} 68. Kc8 {[%clk 00:01:02]} {[%emt 00:00:39]} Kb5 {[%clk
00:00:34]} {[%emt 00:00:31]} 69. d8=Q {[%clk 00:00:53]} {[%emt 00:00:39]} Rxd8+
{[%clk 00:00:59]} {[%emt 00:00:05]} 70. Kxd8 {[%clk 00:01:22]} b3 {[%clk
00:01:09]} {[%emt 00:00:20]} 71. Kd7 {[%clk 00:00:52]} {[%emt 00:01:00]} Kb4
{[%clk 00:01:26]} {[%emt 00:00:12]} 72. Kd6 {[%clk 00:00:58]} {[%emt 00:00:25]}
b2 {[%clk 00:01:51]} {[%emt 00:00:05]} 73. Kd5 {[%clk 00:01:04]} {[%emt
00:00:24]} Kb3 {[%clk 00:02:04]} {[%emt 00:00:16]} 74. Kd4 {[%clk 00:01:18]}
{[%emt 00:00:17]} b1=Q {[%clk 00:02:24]} {[%emt 00:00:10]} 75. Rb7+ {[%clk
00:01:43]} {[%emt 00:00:05]} Kc2 {[%clk 00:02:48]} {[%emt 00:00:05]} 76. Rxb1
{[%clk 00:02:09]} {[%emt 00:00:04]} Kxb1 {[%emt 00:00:04]} 1/2-1/2

[Event "Deutsche Ländermeisterschaft 2025"]
[Site "Oer-Erkenschwick GER"]
[Date "2025.10.01"]
[Round "1"]
[White "Sieber, Bert"]
[Black "Semling, Julius"]
[Result "0-1"]
[Termination "normal"]
[Board "4.2"]
[WhiteElo "2177"]
[BlackElo "2251"]
[WhiteClock "00:01:01"]
[BlackClock "00:01:01"]
[WhiteTeam "Niedersachsen"]
[BlackTeam "Baden"]
[PlyCount "80"]
[WhiteFideId "16265971"]
[BlackFideId "16290160"]
[EventCountry "GER"]
[EventRounds "7"]
[EventType "team-swiss"]
[EventDate "2025.09.30"]

1. d4 {[%clk 01:30:59]} Nf6 {[%clk 01:30:52]} {[%emt 00:00:08]} 2. c4 {[%clk
01:31:23]} {[%emt 00:00:05]} e6 {[%clk 01:31:16]} {[%emt 00:00:07]} 3. Nc3
{[%clk 01:31:49]} {[%emt 00:00:05]} Bb4 {[%clk 01:31:37]} {[%emt 00:00:09]} 4.
e3 {[%clk 01:32:12]} {[%emt 00:00:06]} b6 {[%clk 01:31:39]} {[%emt 00:00:29]}
5. Nge2 {[%clk 01:31:27]} {[%emt 00:01:14]} Ba6 {[%clk 01:29:32]} {[%emt
00:02:37]} 6. a3 {[%clk 01:30:42]} {[%emt 00:01:15]} Be7 {[%clk 01:28:25]}
{[%emt 00:01:37]} 7. Ng3 {[%clk 01:23:45]} {[%emt 00:07:26]} d5 {[%clk
01:26:11]} {[%emt 00:02:44]} 8. cxd5 {[%clk 01:20:24]} {[%emt 00:03:51]} Bxf1
{[%clk 01:26:21]} {[%emt 00:00:19]} 9. Rxf1 {[%clk 01:19:51]} {[%emt 00:01:04]}
exd5 {[%clk 01:25:00]} {[%emt 00:01:52]} 10. f3 {[%clk 01:17:38]} {[%emt
00:02:43]} c5 {[%clk 01:19:16]} {[%emt 00:06:15]} 11. Kf2 {[%clk 01:14:51]}
{[%emt 00:03:16]} O-O {[%clk 01:14:54]} {[%emt 00:04:53]} 12. Kg1 {[%clk
01:09:10]} {[%emt 00:06:10]} Re8 {[%clk 01:09:58]} {[%emt 00:05:26]} 13. Kh1
{[%clk 00:54:52]} {[%emt 00:14:48]} Nc6 {[%clk 01:06:14]} {[%emt 00:04:14]} 14.
b3 {[%clk 00:45:55]} {[%emt 00:09:27]} Rc8 {[%clk 00:57:05]} {[%emt 00:09:39]}
15. Bb2 {[%clk 00:39:30]} {[%emt 00:06:54]} cxd4 {[%clk 00:51:47]} {[%emt
00:05:49]} 16. exd4 {[%clk 00:39:01]} {[%emt 00:00:58]} Qd7 {[%clk 00:46:59]}
{[%emt 00:05:18]} 17. Qd3 {[%clk 00:34:01]} {[%emt 00:05:29]} Bd6 {[%clk
00:43:50]} {[%emt 00:03:40]} 18. Nce2 {[%clk 00:31:22]} {[%emt 00:03:09]} h5
{[%clk 00:32:27]} {[%emt 00:11:53]} 19. Bc1 {[%clk 00:19:22]} {[%emt 00:12:30]}
g6 {[%clk 00:24:41]} {[%emt 00:08:16]} 20. Nf4 {[%clk 00:17:13]} {[%emt
00:02:39]} Kg7 {[%clk 00:17:00]} {[%emt 00:08:11]} 21. Ra2 {[%clk 00:12:03]}
{[%emt 00:05:40]} h4 {[%clk 00:16:17]} {[%emt 00:01:12]} 22. Nge2 {[%clk
00:12:11]} {[%emt 00:00:22]} Ne7 {[%clk 00:15:42]} {[%emt 00:01:06]} 23. Nh3
{[%clk 00:11:53]} {[%emt 00:00:48]} Nf5 {[%clk 00:13:09]} {[%emt 00:03:04]} 24.
Bg5 {[%clk 00:11:31]} {[%emt 00:00:51]} Nh7 {[%clk 00:11:56]} {[%emt 00:01:43]}
25. Bc1 {[%clk 00:10:18]} {[%emt 00:01:42]} Qc7 {[%clk 00:10:41]} {[%emt
00:01:45]} 26. Nhf4 {[%clk 00:04:05]} {[%emt 00:06:44]} Nf6 {[%clk 00:09:51]}
{[%emt 00:01:20]} 27. Kg1 {[%clk 00:04:20]} {[%emt 00:00:15]} Nxd4 {[%clk
00:05:37]} {[%emt 00:04:44]} 28. Nxd4 {[%clk 00:00:57]} {[%emt 00:03:53]} Bxf4
{[%clk 00:06:00]} {[%emt 00:00:07]} 29. Bxf4 {[%clk 00:01:18]} {[%emt
00:00:10]} Qxf4 {[%clk 00:06:28]} {[%emt 00:00:02]} 30. Rd2 {[%clk 00:01:21]}
{[%emt 00:00:26]} Re3 {[%clk 00:05:01]} {[%emt 00:01:57]} 31. Qa6 {[%clk
00:01:13]} {[%emt 00:00:38]} Rc7 {[%clk 00:04:21]} {[%emt 00:01:11]} 32. Qa4
{[%clk 00:01:30]} {[%emt 00:00:14]} Qe5 {[%clk 00:02:27]} {[%emt 00:02:23]} 33.
Nb5 {[%clk 00:00:55]} {[%emt 00:01:05]} Re7 {[%clk 00:02:16]} {[%emt 00:00:40]}
34. Qxh4 {[%clk 00:00:43]} {[%emt 00:00:42]} Rxb3 {[%clk 00:02:03]} {[%emt
00:00:44]} 35. a4 {[%clk 00:00:58]} {[%emt 00:00:15]} a6 {[%clk 00:01:02]}
{[%emt 00:01:31]} 36. Nd4 {[%clk 00:00:56]} {[%emt 00:00:33]} Qe3+ {[%clk
00:00:42]} {[%emt 00:00:50]} 37. Rdf2 {[%clk 00:00:52]} {[%emt 00:00:33]} Rb2
{[%clk 00:00:34]} {[%emt 00:00:38]} 38. Nc6 {[%clk 00:00:52]} {[%emt 00:00:30]}
Re6 {[%clk 00:00:36]} {[%emt 00:00:28]} 39. Qd4 {[%clk 00:00:37]} {[%emt
00:00:45]} Rxf2 {[%clk 00:00:46]} {[%emt 00:00:20]} 40. Rxf2 {[%clk 00:01:01]}
{[%emt 00:00:07]} Qc1+ {[%clk 00:01:01]} {[%emt 00:00:14]} 0-1

[Event "Deutsche Ländermeisterschaft 2025"]
[Site "Oer-Erkenschwick GER"]
[Date "2025.10.01"]
[Round "1"]
[White "Semling, Johannes"]
[Black "Mimkes, Antal"]
[Result "1-0"]
[Termination "normal"]
[Board "4.3"]
[WhiteElo "2215"]
[BlackElo "2116"]
[WhiteClock "00:49:59"]
[BlackClock "00:03:10"]
[WhiteTeam "Baden"]
[BlackTeam "Niedersachsen"]
[PlyCount "67"]
[WhiteFideId "16290151"]
[BlackFideId "16265963"]
[EventCountry "GER"]
[EventRounds "7"]
[EventType "team-swiss"]
[EventDate "2025.09.30"]

1. Nf3 {[%clk 01:30:52]} {[%emt 00:00:08]} c5 {[%clk 01:30:58]} {[%emt
00:00:03]} 2. g3 {[%clk 01:30:54]} {[%emt 00:00:28]} Nc6 {[%clk 01:31:18]}
{[%emt 00:00:10]} 3. Bg2 {[%clk 01:31:18]} {[%emt 00:00:06]} d5 {[%clk
01:31:25]} {[%emt 00:00:22]} 4. O-O {[%clk 01:31:43]} {[%emt 00:00:05]} Nf6
{[%clk 01:30:52]} {[%emt 00:01:03]} 5. d3 {[%clk 01:31:30]} {[%emt 00:00:43]}
e5 {[%clk 01:30:05]} {[%emt 00:01:17]} 6. e4 {[%clk 01:30:38]} {[%emt
00:01:23]} Be7 {[%clk 01:23:50]} {[%emt 00:06:45]} 7. Nc3 {[%clk 01:29:55]}
{[%emt 00:01:13]} d4 {[%clk 01:17:39]} {[%emt 00:06:40]} 8. Ne2 {[%clk
01:28:40]} {[%emt 00:01:45]} O-O {[%clk 01:10:39]} {[%emt 00:07:29]} 9. c4
{[%clk 01:25:02]} {[%emt 00:04:08]} Ne8 {[%clk 01:01:07]} {[%emt 00:10:00]} 10.
Nd2 {[%clk 01:22:49]} {[%emt 00:02:45]} Nb4 {[%clk 00:49:55]} {[%emt 00:11:42]}
11. Nb3 {[%clk 01:22:15]} {[%emt 00:01:04]} Qc7 {[%clk 00:44:46]} {[%emt
00:05:39]} 12. f4 {[%clk 01:20:06]} {[%emt 00:02:39]} f5 {[%clk 00:38:58]}
{[%emt 00:06:18]} 13. fxe5 {[%clk 01:16:38]} {[%emt 00:03:58]} Nc6 {[%clk
00:36:27]} {[%emt 00:03:01]} 14. Nf4 {[%clk 01:14:33]} {[%emt 00:02:35]} Nxe5
{[%clk 00:33:07]} {[%emt 00:03:50]} 15. Nd5 {[%clk 01:13:52]} {[%emt 00:01:10]}
Qd8 {[%clk 00:30:55]} {[%emt 00:02:38]} 16. Bf4 {[%clk 01:11:39]} {[%emt
00:02:46]} Nc6 {[%clk 00:27:40]} {[%emt 00:03:43]} 17. Qd2 {[%clk 01:06:42]}
{[%emt 00:05:29]} fxe4 {[%clk 00:22:39]} {[%emt 00:05:31]} 18. Bxe4 {[%clk
01:06:36]} {[%emt 00:00:35]} Bh3 {[%clk 00:20:11]} {[%emt 00:02:59]} 19. Rf2
{[%clk 01:03:45]} {[%emt 00:03:22]} Nf6 {[%clk 00:17:03]} {[%emt 00:03:37]} 20.
Nxf6+ {[%clk 01:03:14]} {[%emt 00:01:02]} Rxf6 {[%clk 00:16:40]} {[%emt
00:00:53]} 21. Qe2 {[%clk 00:59:34]} {[%emt 00:04:10]} g6 {[%clk 00:11:31]}
{[%emt 00:05:39]} 22. Re1 {[%clk 00:56:50]} {[%emt 00:03:14]} Bd6 {[%clk
00:10:27]} {[%emt 00:01:35]} 23. Bd5+ {[%clk 00:53:20]} {[%emt 00:04:00]} Kg7
{[%clk 00:07:50]} {[%emt 00:03:06]} 24. Bxd6 {[%clk 00:51:55]} {[%emt
00:01:55]} Qxd6 {[%clk 00:06:50]} {[%emt 00:01:31]} 25. Rxf6 {[%clk 00:51:28]}
{[%emt 00:00:57]} Kxf6 {[%clk 00:05:51]} {[%emt 00:01:28]} 26. Qf3+ {[%clk
00:51:32]} {[%emt 00:00:26]} Kg7 {[%clk 00:04:40]} {[%emt 00:01:41]} 27. g4
{[%clk 00:51:21]} {[%emt 00:00:41]} Bxg4 {[%clk 00:04:13]} {[%emt 00:00:57]}
28. Qxg4 {[%clk 00:51:38]} {[%emt 00:00:13]} Ne5 {[%clk 00:04:28]} {[%emt
00:00:16]} 29. Qg3 {[%clk 00:51:40]} {[%emt 00:00:25]} Re8 {[%clk 00:04:32]}
{[%emt 00:00:28]} 30. Kg2 {[%clk 00:50:33]} {[%emt 00:01:38]} b6 {[%clk
00:04:49]} {[%emt 00:00:13]} 31. Nd2 {[%clk 00:49:33]} {[%emt 00:01:30]} Qb8
{[%clk 00:04:07]} {[%emt 00:01:11]} 32. Ne4 {[%clk 00:49:34]} {[%emt 00:00:29]}
Qd8 {[%clk 00:03:49]} {[%emt 00:00:49]} 33. Ng5 {[%clk 00:49:36]} {[%emt
00:00:28]} Qb8 {[%clk 00:03:10]} {[%emt 00:01:09]} 34. Ne6+ {[%clk 00:49:59]}
{[%emt 00:00:07]} 1-0

[Event "Deutsche Ländermeisterschaft 2025"]
[Site "Oer-Erkenschwick GER"]
[Date "2025.10.01"]
[Round "1"]
[White "Tarasenko, Nazar"]
[Black "Haug, Mara"]
[Result "1-0"]
[Termination "normal"]
[Board "4.4"]
[WhiteElo "2005"]
[BlackElo "2078"]
[WhiteClock "00:02:40"]
[BlackClock "00:01:06"]
[WhiteTeam "Niedersachsen"]
[BlackTeam "Baden"]
[PlyCount "79"]
[WhiteFideId "34161430"]
[BlackFideId "16259300"]
[EventCountry "GER"]
[EventRounds "7"]
[EventType "team-swiss"]
[EventDate "2025.09.30"]

1. e4 {[%clk 01:30:59]} c5 {[%clk 01:30:45]} {[%emt 00:00:15]} 2. Nf3 {[%clk
01:31:24]} {[%emt 00:00:05]} e6 {[%clk 01:30:58]} {[%emt 00:00:17]} 3. d4
{[%clk 01:31:46]} {[%emt 00:00:08]} cxd4 {[%clk 01:31:22]} {[%emt 00:00:05]} 4.
Nxd4 {[%clk 01:32:11]} {[%emt 00:00:05]} Nf6 {[%clk 01:31:26]} {[%emt
00:00:26]} 5. Nc3 {[%clk 01:32:28]} {[%emt 00:00:14]} Nc6 {[%clk 01:31:25]}
{[%emt 00:00:31]} 6. Nxc6 {[%clk 01:31:31]} {[%emt 00:01:27]} bxc6 {[%clk
01:31:41]} {[%emt 00:00:14]} 7. e5 {[%clk 01:31:49]} {[%emt 00:00:12]} Nd5
{[%clk 01:32:00]} {[%emt 00:00:11]} 8. Ne4 {[%clk 01:32:14]} {[%emt 00:00:04]}
Qa5+ {[%clk 01:32:03]} {[%emt 00:00:27]} 9. Bd2 {[%clk 01:32:05]} {[%emt
00:00:40]} Qb6 {[%clk 01:32:21]} {[%emt 00:00:12]} 10. Bd3 {[%clk 01:31:39]}
{[%emt 00:00:56]} Qxb2 {[%clk 01:32:34]} {[%emt 00:00:18]} 11. c3 {[%clk
01:30:47]} {[%emt 00:01:21]} Qa3 {[%clk 01:32:50]} {[%emt 00:00:14]} 12. Qe2
{[%clk 01:09:43]} {[%emt 00:21:33]} Be7 {[%clk 01:21:44]} {[%emt 00:11:38]} 13.
O-O {[%clk 01:05:43]} {[%emt 00:04:30]} Rb8 {[%clk 01:15:10]} {[%emt 00:07:04]}
14. Rae1 {[%clk 00:54:21]} {[%emt 00:11:50]} Rb2 {[%clk 01:06:41]} {[%emt
00:09:00]} 15. Qf3 {[%clk 00:40:54]} {[%emt 00:13:57]} Rxa2 {[%clk 01:01:03]}
{[%emt 00:06:10]} 16. Bc1 {[%clk 00:35:43]} {[%emt 00:05:37]} Qa5 {[%clk
00:57:37]} {[%emt 00:03:59]} 17. Qg3 {[%clk 00:31:04]} {[%emt 00:05:07]} Kf8
{[%clk 00:49:37]} {[%emt 00:08:33]} 18. Bg5 {[%clk 00:24:02]} {[%emt 00:07:30]}
Bxg5 {[%clk 00:38:41]} {[%emt 00:11:27]} 19. Qxg5 {[%clk 00:19:46]} {[%emt
00:04:46]} h6 {[%clk 00:37:14]} {[%emt 00:01:58]} 20. Qg3 {[%clk 00:15:11]}
{[%emt 00:05:04]} g6 {[%clk 00:18:14]} {[%emt 00:19:31]} 21. c4 {[%clk
00:12:13]} {[%emt 00:03:27]} Ne7 {[%clk 00:17:23]} {[%emt 00:01:22]} 22. Nd6
{[%clk 00:11:09]} {[%emt 00:01:33]} Kg7 {[%clk 00:14:27]} {[%emt 00:03:26]} 23.
Qf4 {[%clk 00:09:16]} {[%emt 00:02:20]} Nf5 {[%clk 00:14:03]} {[%emt 00:00:57]}
24. Bxf5 {[%clk 00:08:33]} {[%emt 00:01:14]} exf5 {[%clk 00:10:48]} {[%emt
00:03:45]} 25. g4 {[%clk 00:07:16]} {[%emt 00:01:46]} Qd8 {[%clk 00:08:11]}
{[%emt 00:03:08]} 26. Qd4 {[%clk 00:04:18]} {[%emt 00:03:26]} Qb6 {[%clk
00:07:06]} {[%emt 00:01:37]} 27. Qc3 {[%clk 00:03:25]} {[%emt 00:01:20]} Qa5
{[%clk 00:03:44]} {[%emt 00:03:55]} 28. Qf3 {[%clk 00:03:18]} {[%emt 00:00:25]}
Ra3 {[%clk 00:03:29]} {[%emt 00:00:57]} 29. Qf4 {[%clk 00:03:38]} {[%emt
00:00:08]} Qd8 {[%clk 00:03:25]} {[%emt 00:00:36]} 30. Qd4 {[%clk 00:03:32]}
{[%emt 00:00:35]} Kg8 {[%clk 00:01:53]} {[%emt 00:02:03]} 31. gxf5 {[%clk
00:03:34]} {[%emt 00:00:29]} Rh7 {[%clk 00:01:11]} {[%emt 00:01:12]} 32. Kh1
{[%clk 00:02:52]} {[%emt 00:01:11]} Ba6 {[%clk 00:00:48]} {[%emt 00:00:53]} 33.
Rg1 {[%clk 00:02:44]} {[%emt 00:00:38]} g5 {[%clk 00:00:45]} {[%emt 00:00:34]}
34. e6 {[%clk 00:02:05]} {[%emt 00:01:09]} dxe6 {[%clk 00:00:52]} {[%emt
00:00:23]} 35. fxe6 {[%clk 00:02:23]} {[%emt 00:00:11]} fxe6 {[%clk 00:00:48]}
{[%emt 00:00:34]} 36. Rxe6 {[%clk 00:02:37]} {[%emt 00:00:16]} c5 {[%clk
00:00:47]} {[%emt 00:00:32]} 37. Qd5 {[%clk 00:02:16]} {[%emt 00:00:49]} Kf8
{[%clk 00:00:33]} {[%emt 00:00:46]} 38. Qf5+ {[%clk 00:02:18]} {[%emt
00:00:27]} Kg8 {[%clk 00:00:46]} {[%emt 00:00:18]} 39. Rg6+ {[%clk 00:02:40]}
{[%emt 00:00:06]} Rg7 {[%clk 00:01:06]} {[%emt 00:00:12]} 40. Qf7+ {[%emt
00:00:11]} 1-0